Ayet ve hadislerin ışığında sevgi ve dostluk (Record no. 3589)

MARC details
000 -BAŞLIK
Sabit Uzunlukta Kontrol Alanı 00890na a2200301 4500
001 - KONTROL NUMARASI
Denetim Alanı 12876
003 - KONTROL NUMARASI IDENTIFIER
Denetim Alanı MIRAKIL
005 - SON İŞLEM TARİHİ VE ZAMANI
Denetim Alanı 20181213154936.0
008 - SABİT-BOY VERİ ELEMANLARI - GENEL BİLGİLER
Sabit Uzunlukta Kontrol Alanı 160923b tu 000 0
020 ## - ULUSLARARASI STANDART KİTAP NUMARASI
Uluslararası Standart Kitap Numarası 9751932734
035 ## - SİSTEM KONTROL NUMARASI
Sistem Kontrol Numarası 12876
040 ## - KATALOGLAMA KAYNAK
Orijinal Kataloglama Ajansı Milas
Kataloglama Dili tur
Metne Dönüştürmek Ajansı TR-AnCHP
082 ## - DEWEY ONLU SINIFLANDIRMA NUMARASI
Sınıflandırma Numarası 297.1228
Ürün Numarası K26a 2006
090 ## - SINIFLAMA NUMARASI
Sınıflama Numarası 297.1228 K26a 2006
100 ## - ANA GİRİŞ - KİŞİSEL İSİM
Kişisel Ad Karagöz, İsmail
245 ## - BAŞLIK TABLOSU
Başlık Ayet ve hadislerin ışığında sevgi ve dostluk
Sorumluluk Tablosu, Vb İsmail Karagöz
246 ## - UNVAN FORM VARYING
Başlık Doğru / Kısa Başlığı Sevgi ve dostluk
250 ## - EDITION TABLOSU
Baskı Beyanı 3. bs.
260 ## - YAYIN, DAĞITIM, VB
Yayın, Dağıtım, Vb Yeri Ankara
Yayıncı, Dağıtıcı, Vs Adı Diyanet İşleri Başkanlığı
Yayın, Dağıtım, Vb Tarihi 2006
300 ## - FİZİKSEL TANIM
Kapsam 255 s.
Boyutlar 19 sm.
490 ## - SERİSİ TABLOSU
Seri Beyanı Halk Kitapları
Hacim / Ardışık Tanımı 144
490 ## - SERİSİ TABLOSU
Seri Beyanı Diyanet İşleri Başkanlığı yayınları
Hacim / Ardışık Tanımı 559
504 ## - KAYNAKÇA VB NOT
Kaynakça Vb Notu Kaynakça var.
650 ## - KONU KATMA GİRİŞ - TOPİKAL DÖNEM
Topikal Süreli Veya Coğrafi Ad Giriş Elemanı İslam dini
Genel Alt Bölümü Ayet
650 ## - KONU KATMA GİRİŞ - TOPİKAL DÖNEM
Topikal Süreli Veya Coğrafi Ad Giriş Elemanı İslam dini
Genel Alt Bölümü Hadis
650 ## - KONU KATMA GİRİŞ - TOPİKAL DÖNEM
Topikal Süreli Veya Coğrafi Ad Giriş Elemanı İslam dini
Genel Alt Bölümü İslam ahlakı
-- Kur'an-ı Kerim
942 ## - EKLENDİ GİRİŞ ELEMANLARI (KOHA)
Sınıflandırma Veya Raf Düzeni Kaynak
Koha Öğesi Türü Books
999 ## - SİSTEM KONTROL NUMARALARI (KOHA)
Koha Biblionumber 3589
Koha Biblioitemnumber 3589
Holdings
Kalıcı Konum Mevcut Konum Edinme Tarihi Edinim Kaynak Toplam Check-Out'Lar Tam Çağrı Numarası Barkod Tarih Son Görülme İtibaren Geçerli Fiyatlar Koha Öğesi Türü
CHP Kütüphanesi CHP Kütüphanesi 08/03/2016 Bağış   297.1228 K26a 2006 000478 08/03/2016 08/03/2016 Books